| 000 -CABECERA |
| fixed length control field |
01344nam a22002777i 4500 |
| 003 - IDENTIFICADOR DEL NÚMERO DE CONTROL |
| control field |
AR-CdUCM |
| 008 - DATOS DE LONGITUD FIJA--INFORMACIÓN GENERAL |
| fixed length control field |
250909b20242024 pe||||| |||| 00| 0 spa d |
| 020 ## - NÚMERO INTERNACIONAL ESTÁNDAR DEL LIBRO |
| ISBN |
978-612-4392-66-5 |
| 040 ## - FUENTE DE LA CATALOGACIÓN |
| Agencia/entidad que catalogó originalmente la obra |
MUNICIPALIDAD PROVINCIAL DEL CUSCO |
| Entidad que transcribió la catalogación |
BIBLIOTECA MUNICIPAL DEL CUSCO |
| 082 ## - NÚMERO DE LA CLASIFICACIÓN DECIMAL DEWEY |
| No. de Clasificación |
306 / T |
| Notacion interna |
T |
| 245 ## - MENCIÓN DE TÍTULO |
| Título |
Tinkuy 40 años - Estudios sobre la cultura andina : |
| Resto del título |
Homenaje a Jorge Flores Ochoa / |
| 260 ## - PUBLICACIÓN, DISTRIBUCIÓN, ETC. |
| Lugar de publicación, distribución, etc. |
Cusco . |
| Nombre de la editorial, distribuidor, etc. |
Universida Andina del Cusco |
| Fecha de publicación, distribución, etc. |
2024 |
| 300 ## - DESCRIPCIÓN FÍSICA |
| Nº de Páginas Extensión |
365 páginas. : |
| Dimensiones |
24x17 cm. |
| 500 ## - NOTA GENERAL |
| Bibliografía |
|
| 505 ## - NOTA DE CONTENIDO CON FORMATO |
| Nota de contenido formateada |
El Inca Garcilaso de la Vega -- La danza ritual -- Evolución histórica de la tenencia de tierras en el santuario histórico, Parque Arqueológico Nacional de Machupicchu -- Qoa, amaru, titi: la representación simbólica de deidades de la lluvia -- Simbolismo y continuidad inca y preinca en el culto a la Mamacha Belén del Cusco -- La enseñanza de Manuel Chávez Ballón -- El Qosqo inka, una aproximación a la ideología andina -- Gestión del patrimonio cultural |
| 650 ## - PUNTO DE ACCESO ADICIONAL DE MATERIA--TÉRMINO DE MATERIA |
| Descriptor |
Tinkuy |
| 9 (RLIN) |
49187 |
| 650 ## - PUNTO DE ACCESO ADICIONAL DE MATERIA--TÉRMINO DE MATERIA |
| Descriptor |
Inca Garcilaso |
| 9 (RLIN) |
6516 |
| 650 ## - PUNTO DE ACCESO ADICIONAL DE MATERIA--TÉRMINO DE MATERIA |
| Descriptor |
Yunkiño |
| 9 (RLIN) |
51548 |
| 650 ## - PUNTO DE ACCESO ADICIONAL DE MATERIA--TÉRMINO DE MATERIA |
| Descriptor |
Qoa Amaru |
| 9 (RLIN) |
51549 |
| 650 ## - PUNTO DE ACCESO ADICIONAL DE MATERIA--TÉRMINO DE MATERIA |
| Descriptor |
Influencia de Jorge Flores Ochoa |
| 9 (RLIN) |
51550 |
| 650 ## - PUNTO DE ACCESO ADICIONAL DE MATERIA--TÉRMINO DE MATERIA |
| Descriptor |
Qosqo inka |
| 9 (RLIN) |
51551 |
| 856 ## - LOCALIZACIÓN Y ACCESO ELECTRÓNICOS |
| Dirección electrónica |
www.uandina.edu.pe |
| 942 ## - ELEMENTOS DE PUNTO DE ACCESO ADICIONAL (KOHA) |
| Fuente de clasificación |
|
| Tipo de item |
Libros-BMC |
| 945 ## - PROCESAMIENTO DE INFORMACIÓN LOCAL (OCLC) |
| Catalogador |
pbjr |
| AAAA-MM-DD - Fecha de ingreso o modificacion |
9-09-2025 |